• 首页
  • 本馆介绍
  • 公告通知
  • 最新文献
  • 馆藏检索
  • 电子资源
  • 读者导购
  • 参考咨询
  • 我的图书馆
  • 登录
  • 详细信息显示
  • 放入我的书架
  • 预约/预借图书
  • 作者相关作品
  • 分类相关作品
  • 丛书相关作品
  • 出版社相关作品

书目信息

  • 表格格式
  • 工作单格式
  • 卡片格式
题名:
战后日本政界战争观研究
    
 
作者: 王希亮 著
分册:  
出版信息: 北京   社会科学文献出版社  2005
页数: 12,10,535页
开本: 22cm
丛书名: 中国社会科学院中日历史研究中心文库
单 册:
中图分类: K313.46
科图分类:
主题词: 侵略战争 , 侵略战争--研究--日本--现代
电子资源:
ISBN: 7-80190-736-1
000 01099oam2 2200277 450
001 003007013
005 20061117101331.34
010    @a7-80190-736-1@dCNY40.00
100    @a20051110d2005 em y0chiy0110 ea
101 0  @achi@eeng
102    @aCN@b110000
105    @aa z 000yd
200 1  @a战后日本政界战争观研究@9zhan hou ri ben zheng jie zhan zheng guan yan jiu@dThe study in the war views of Japanese political circles@f王希亮著@zeng
210    @a北京@c社会科学文献出版社@d2005
215    @a12,10,535页@c照片@d22cm
225 2  @a中国社会科学院中日历史研究中心文库
300    @a中日历史基金课题
330    @a本书内容包括:美国占领时期对战争责任的追究与放弃、日美安保体制下的反动政治回潮、经济主义政治下的皇国史观暗流、新保守主义登场、战争责任问题尖锐化等。
461  0 @12001 @a中国社会科学院中日历史研究中心文库
510 1  @aStudy in the war views of Japanese political circles@zeng
606 0  @a侵略战争
606 0  @a侵略战争@x研究@y日本@z现代
690    @aK313.46@v4
701  0 @a王希亮@9wang xi liang@f(1946~)@4著
801  0 @aCN@bNLC@c20061117
905    @a10447@dK313.46@e42
    
    战后日本政界战争观研究=The study in the war views of Japanese political circles/王希亮著.-北京:社会科学文献出版社,2005
    12,10,535页:照片;22cm.-(中国社会科学院中日历史研究中心文库)
    中日历史基金课题
    
    ISBN 7-80190-736-1:CNY40.00
    本书内容包括:美国占领时期对战争责任的追究与放弃、日美安保体制下的反动政治回潮、经济主义政治下的皇国史观暗流、新保守主义登场、战争责任问题尖锐化等。
●
相关链接 在E读中查询图书 在五车中查询图书 在当当中查询图书 在豆瓣中查询图书


正题名:战后日本政界战争观研究     索取号:K313.46/42         预约/预借

序号 登录号 条形码 馆藏地/架位号 状态 备注
1 0389708   203897088   第二样本阅览室/ [索取号:K313.46/42] 在馆    
2 0389709   203897097   第二借阅区/ [索取号:K313.46/42] 在馆    
3 0389710   203897104   第二借阅区/ [索取号:K313.46/42] 在馆    
4 0389711   203897113   第二借阅区/ [索取号:K313.46/42] 在馆    
5 0389712   203897122   第二借阅区/ [索取号:K313.46/42] 在馆    
唐山师范学院图书馆 欢迎您!
大连网信软件有限公司© 版权所有